000 00549nam a22001817a 4500
005 20251108163348.0
008 250721s1988 xx 000 0 ara d
082 1 4 _a343.209565/محم
100 1 _aنجم، محمد صبحي
245 1 0 _aشرح قانون العقوبات الأردني :
_bالقسم العام /
264 1 _aعمان :
_bالجامعه الأردنية،
_c1988.
300 _a242ص
650 1 7 _aالقانون الجنائي
650 1 7 _aالعقوبات
650 1 7 _aالأردن
942 _2ddc
_cBK
999 _c759
_d759